| 000 | 00655nam a2200217 u 4500 | ||
|---|---|---|---|
| 005 | 20240924071237.0 | ||
| 008 | 080616s2001 es r 000 0 spa d | ||
| 020 | _a847864556X | ||
| 035 | _aUPN01000156939 | ||
| 049 | _aI | ||
| 050 | 4 |
_aPZ71 _bB3.27 |
|
| 100 | 1 |
_aBabarro González, Xoán, _d1947- _935497 |
|
| 245 | 1 | 3 |
_aEl arco iris / _cXoán Babarro ; il. Carmen Queralt. |
| 260 |
_aMadrid : _bCombel, _cc2001. |
||
| 300 |
_a22 p. : _bprincipalmente il. col. |
||
| 440 | 0 |
_aCaballo alado. _pAl trote |
|
| 650 | 4 |
_aLibros y lectura para niños _92290 |
|
| 650 | 4 |
_aLiteratura infantil _94445 |
|
| 700 | 1 |
_aQueralt, Carmen, _eil. |
|
| 905 | _aInfantil | ||
| 999 |
_c129053 _d129053 |
||